| 000 | 003510000a22001570004500 | ||
|---|---|---|---|
| 001 | 003865 | ||
| 003 | MACL | ||
| 040 | _aMACL | ||
| 090 |
_c15858 _d15857 |
||
| 100 | _aRanagacharya, Adya | ||
| 245 |
_aNatyasastra _cAdya Ranagacharya |
||
| 260 |
_aMunshiram Manoharlal Publishers, _c1996 |
||
| 350 | _a525 | ||
| 650 | _aLiterature | ||
| 942 |
_k820 _cBook |
||
| 999 |
_c15758 _d15758 |
||